000 01212nam a22003617a 4500
003 CHAP
005 20220329133104.0
008 971013s1990 r 00010 d
010 _a2003
011 _a2975
035 _a2175
040 _cCHAP
090 _aTesis
100 0 0 _aCruz Santiago, Abdil.
_929584
245 _aManejo de cortes y momento óptimo de cosecha en la producción de semilla de alfalfa (Medicago sativa L.)
260 _aChapingo, Méx. :
_bEl autor,
_c1990
300 _a78 h.
_b;
_e+ 7 anexos
500 _aD44-33
502 _aTesis (Ing. Agr. Zootecnista) -- UACH. Departamento de Zootecnia
590 _aALEPH
_b10
_c20130110
_lUCH01
_h1211
590 _aBATCH-UPD
_b10
_c20130110
_lUCH01
_h0201
590 _aBATCH-UPD
_b10
_c20130110
_lUCH01
_h1310
590 _aBATCH-UPD
_b10
_c20130409
_lUCH01
_h2208
590 _aBATCH-UPD
_b10
_c20130914
_lUCH01
_h0251
590 _aCONVERSION
_b10
_c20130109
_lUCH01
_h1302
650 1 4 _aAlfalfa como forraje.
_93899
650 1 4 _aAlfalfa
_xSemilla.
_93888
700 0 _aRubio Murillo, Rafael.
_9100490
700 0 _aSánchez López, Cuauhtémoc.
_9107651
901 _aBK
942 _cTESIS
949 _bBC
_cTES
_d-11673
_eTS1
_h23910
_i2175
_si
999 _c2003
_d2003